| 000 | 00604nam a2200205Ia 4500 | ||
|---|---|---|---|
| 008 | 191130s1976##################000#0#eng## | ||
| 020 | _a9780029020906 | ||
| 040 |
_aACL _cACL |
||
| 082 | _a301.24 BEE | ||
| 100 | _aBee, Robert L | ||
| 245 |
_aPatterns and processes _cRobert L. Bee |
||
| 260 |
_aNew York _bCollier Macmillan _cc1976 |
||
| 300 | _a260p. ; 21cm | ||
| 500 | _aBibliography: p.235-253. _ Includes index | ||
| 650 | _aSocial Change | ||
| 650 | _aSocial change Anthropological perspectives to 1973 | ||
| 990 | _ab0354ecdac10000c1ec59b8ac5c2183f | ||
| 991 | _a223911 | ||
| 999 |
_c32680 _d32680 |
||